000
00335nam a2200145Ia 4500
008
221030s9999 xx 000 0 und d
041
_a
English
082
_a
105.23
_b
Jam
100
_a
K. S. Jamwal
245
0
_a
Digital Electronics
260
_b
Dhanpat Rai Pub
_a
Delhi
_c
2001
300
_a
278
650
_a
BE Computer
942
_c
BK
999
_c
1257
_d
1257